Zákony I/2006 daň z príjmov

Salvato in:
Dettagli Bibliografici
Natura: Libro
Lingua:slovacco
Pubblicazione: Žilina Poradca 2006
Soggetti:
Tags: Aggiungi Tag
Nessun Tag, puoi essere il primo ad aggiungerne!!

MARC

LEADER 00000nam$a2200000$$$4500
001 0038661
005 20240318120945.2
022 |a 1335-1583 
041 0 |a slo 
044 |a SK 
245 1 0 |a Zákony I/2006  |b daň z príjmov 
264 1 |a Žilina  |b Poradca  |c 2006 
300 |a 792 s. 
610 2 0 |a predpisy právne 
610 2 0 |a legislatíva 
610 2 0 |a dane z príjmov 
610 2 0 |a dane z hodnoty pridanej 
610 2 0 |a dane spotrebné 
610 2 0 |a cestovné 
610 2 0 |a náhrada cestovného 
610 2 0 |a účtovníctvo 
610 2 0 |a postupy účtovné 
610 2 0 |a poplatky 
610 2 0 |a Slovensko 
610 2 0 |a 2006